Red against blue : the Liberal Party in Colombian politics, 1863-1899 /

Bibliographic Details
Main Author: Delpar, Helen
Format: Book
Language:English
Published: University, Ala. : University of Alabama Press, [1981]
Subjects:

MARC

Tag First Indicator Second Indicator Subfields
LEADER 00000pam a2200000 a 4500
001 in00000077220
005 20151008060601.0
008 790803s1981 alub b 00110 engm
010 |a  79019081  
020 |a 0817300309 
035 |a (OCoLC)05310804 
035 |9 AAJ6087AM 
040 |a DLC  |c DLC  |d m.c.  |d TXA  |d UtOrBLW 
043 |a s-ck--- 
049 |a TXAM  |c [1272340] 
050 0 0 |a JL2898.L5  |b D44 
082 0 |a 329.9/861 
100 1 |a Delpar, Helen. 
245 1 0 |a Red against blue :  |b the Liberal Party in Colombian politics, 1863-1899 /  |c Helen Delpar. 
264 1 |a University, Ala. :  |b University of Alabama Press,  |c [1981] 
264 4 |c ©1981 
300 |a xiii, 262 pages :  |b map ;  |c 25 cm. 
336 |a text  |b txt  |2 rdacontent 
337 |a unmediated  |b n  |2 rdamedia 
338 |a volume  |b nc  |2 rdacarrier 
500 |a Includes index. 
504 |a Bibliography: pages [237]-257. 
610 2 0 |a Partido Liberal (Colombia)  |x History. 
610 2 0 |a Partido Conservador (Colombia)  |x History. 
651 0 |a Colombia  |x Politics and government  |y 1863-1885. 
651 0 |a Colombia  |x Politics and government  |y 1886-1903. 
999 |a MARS 
999 f f |s 2a65dda8-9713-354e-8300-b919aa16500a  |i 7b26202c-141d-33d0-a2f7-15f586697c2b  |t 0 
952 f f |p ric  |a Texas A&M University  |b Rellis Campus  |c Joint Library Facility  |d Remote Storage  |t 0  |e JL2898.L5 D44  |h Library of Congress classification  |i unmediated -- volume  |m A14806151254 
998 f f |a JL2898.L5 D44  |t 0  |l Remote Storage